000 00592nam a2200157Ia 4500
008 100204s9999 xx 000 0 und d
082 _b17379
100 _aजहागीरदार प्र. ज.
245 _aमहादेव गोविंद रानडे
260 _bनॅशनल बुक ट्रस्ट
_c1988
300 _a160
630 _aमहादेव गोविंद रानडे
700 _aभोळे भास्कर लक्ष्मण
730 _aमहादेव गोविंद रानडे
942 _cBOOK
999 _c461802
_d461799